Textbook of Microbiology for Dental Students (Record no. 32244)

MARC details
000 -LEADER
fixed length control field 00412nam a22001697a 4500
003 - CONTROL NUMBER IDENTIFIER
control field SGT
020 ## - INTERNATIONAL STANDARD BOOK NUMBER
International Standard Book Number 9788123927862
082 ## - DEWEY DECIMAL CLASSIFICATION NUMBER
Classification number 616.01
Item number T15A
100 ## - MAIN ENTRY--PERSONAL NAME
Personal name Arora, D. K.
245 ## - TITLE STATEMENT
Title Textbook of Microbiology for Dental Students
250 ## - EDITION STATEMENT
Edition statement 4th Ed.
260 ## - PUBLICATION, DISTRIBUTION, ETC. (IMPRINT)
Place of publication, distribution, etc New Delhi, India
Name of publisher, distributor, etc CBS Pub. Pvt. Ltd.
Year of Publication 2015
300 ## - PAGE DESCRIPTION
No. of Pages 396
650 ## - SUBJECT ADDED ENTRY--TOPICAL TERM
Topical term or geographic name as entry element Microbiology
700 ## - ADDED ENTRY--PERSONAL NAME
Personal name Arora, Brij Bala
942 ## - ADDED ENTRY ELEMENTS (KOHA)
Source of classification or shelving scheme Dewey Decimal Classification
Koha item type Books
Holdings
Withdrawn status Lost status Source of classification or shelving scheme Damaged status Not for loan Home library Current library Shelving location Date acquired SGTU Total Checkouts Full call number Accession No. (Barcode) Date last seen Date last borrowed Bill Date Koha item type
    Dewey Decimal Classification     SGT Dental Library SGT Dental Library Text Book 19/08/2025 SGTU 3 616.01 T15A FD9713 21/08/2025 21/08/2025 19/08/2025 Books